Royaume-Uni : (Record no. 2040)

MARC details
000 -LEADER
fixed length control field 01737cam a2200469Ka 4500
001 - CONTROL NUMBER
control field ocm41034903
003 - CONTROL NUMBER IDENTIFIER
control field TZ-ArACH
005 - DATE AND TIME OF LATEST TRANSACTION
control field 20130116142051.0
008 - FIXED-LENGTH DATA ELEMENTS--GENERAL INFORMATION
fixed length control field 990325s1998 fr 001 0 fre d
020 ## - INTERNATIONAL STANDARD BOOK NUMBER
International Standard Book Number 2851154036
020 ## - INTERNATIONAL STANDARD BOOK NUMBER
International Standard Book Number 9782851154033
035 ## - SYSTEM CONTROL NUMBER
System control number (OCoLC)41034903
040 ## - CATALOGING SOURCE
Original cataloging agency FPU
Language of cataloging fre
Transcribing agency TZ-ArACH
Modifying agency LVB
-- FRBML
041 ## - LANGUAGE CODE
Language code of text/sound track or separate title Fre
043 ## - GEOGRAPHIC AREA CODE
Geographic area code e-uk---
049 ## - LOCAL HOLDINGS (OCLC)
Holding library TZAA
050 #4 - LIBRARY OF CONGRESS CALL NUMBER
Classification number KD2185
Item number .R69
082 14 - DEWEY DECIMAL CLASSIFICATION NUMBER
Classification number 349.42
Item number ROY
Edition number 21
245 00 - TITLE STATEMENT
Title Royaume-Uni :
Remainder of title juridique, fiscal, social, comptable.
250 ## - EDITION STATEMENT
Edition statement [2e éd.]
260 ## - PUBLICATION, DISTRIBUTION, ETC. (IMPRINT)
Place of publication, distribution, etc Paris :
Name of publisher, distributor, etc Ed. Francis Lefebvre,
Date of publication, distribution, etc 1998.
300 ## - PHYSICAL DESCRIPTION
Extent 526 p. ;
Dimensions 24 cm.
490 1# - SERIES STATEMENT
Series statement Dossiers internationaux Francis Lefebvre,
International Standard Serial Number 0222-3503.
504 ## - BIBLIOGRAPHY, ETC. NOTE
Bibliography, etc Index.
650 #7 - SUBJECT ADDED ENTRY--TOPICAL TERM
Topical term or geographic name as entry element Droit fiscal
Geographic subdivision Grande-Bretagne.
Source of heading or term ram
9 (RLIN) 7800
650 #7 - SUBJECT ADDED ENTRY--TOPICAL TERM
Topical term or geographic name as entry element Droit social
Geographic subdivision Grande-Bretagne.
Source of heading or term ram
9 (RLIN) 7801
650 #7 - SUBJECT ADDED ENTRY--TOPICAL TERM
Topical term or geographic name as entry element Sociétés
General subdivision Droit
Geographic subdivision Grande-Bretagne.
Source of heading or term ram
9 (RLIN) 7802
650 #7 - SUBJECT ADDED ENTRY--TOPICAL TERM
Topical term or geographic name as entry element Comptabilité
General subdivision Droit
Geographic subdivision Grande-Bretagne.
Source of heading or term ram
9 (RLIN) 7803
650 #6 - SUBJECT ADDED ENTRY--TOPICAL TERM
Topical term or geographic name as entry element Droit commercial
Geographic subdivision Grande-Bretagne.
9 (RLIN) 7804
650 #6 - SUBJECT ADDED ENTRY--TOPICAL TERM
Topical term or geographic name as entry element Droit fiscal
Geographic subdivision Grande-Bretagne.
9 (RLIN) 7805
650 #6 - SUBJECT ADDED ENTRY--TOPICAL TERM
Topical term or geographic name as entry element Droit social
Geographic subdivision Grande-Bretagne.
9 (RLIN) 7806
650 #6 - SUBJECT ADDED ENTRY--TOPICAL TERM
Topical term or geographic name as entry element Comptabilité
General subdivision Normes
Geographic subdivision Grande-Bretagne.
9 (RLIN) 7807
650 #6 - SUBJECT ADDED ENTRY--TOPICAL TERM
Topical term or geographic name as entry element Double imposition
Geographic subdivision Grande-Bretagne
General subdivision Conventions.
9 (RLIN) 7808
650 #4 - SUBJECT ADDED ENTRY--TOPICAL TERM
Topical term or geographic name as entry element Comptabilité
General subdivision Droit
Geographic subdivision Grande-Bretagne.
9 (RLIN) 7809
650 #4 - SUBJECT ADDED ENTRY--TOPICAL TERM
Topical term or geographic name as entry element Droit des affaires
Geographic subdivision Grande-Bretagne.
9 (RLIN) 7810
650 #4 - SUBJECT ADDED ENTRY--TOPICAL TERM
Topical term or geographic name as entry element Impôt
Geographic subdivision Grande-Bretagne.
9 (RLIN) 7811
650 #4 - SUBJECT ADDED ENTRY--TOPICAL TERM
Topical term or geographic name as entry element Taxation
Geographic subdivision Great Britain
9 (RLIN) 7812
650 #4 - SUBJECT ADDED ENTRY--TOPICAL TERM
Topical term or geographic name as entry element Corporations
Geographic subdivision Great Britain
9 (RLIN) 7813
830 #0 - SERIES ADDED ENTRY--UNIFORM TITLE
Uniform title Dossiers internationaux Francis Lefebvre.
9 (RLIN) 7814
942 ## - ADDED ENTRY ELEMENTS (KOHA)
Source of classification or shelving scheme Library of Congress Classification
Koha item type Books
Holdings
Home library Current library Shelving location Date acquired Full call number Barcode Koha item type
African Court on Human and Peoples' Rights Library African Court on Human and Peoples' Rights Library   16/01/2013 KD2185 .R69 1002302X Books

African Court on Human and Peoples' Rights | For Inquiries Contact » +255 272 510 510